Responses for Show #5318 - Wednesday, October 24, 2007

Nick Swezey game 3.

Contestants

[<< previous game]

Kelly Sherer, an account planning manager from West Orange, New Jersey

Tope Charlton, a graduate student from Gaithersburg, Maryland

Nick Swezey, a publisher from Washington, D.C. (whose 2-day cash winnings total $54,202)

[next game >>]

Jeopardy! Round responses

"C" IN HISTORY
TV NOSTALGIA
GET YOUR PEANUTS!
THE SOUTHERNMOST NATION
HAVE A HEART
THE SHORT FORM
    $200 11
(Winston) Churchill

Nick
    $200 16
The Jetsons

Kelly
    $200 26
peanut brittle

Tope
    $200 17
Malawi

Kelly
    $200 6
a Purple Heart

Tope
    $200 1
pectorals

Nick
    $400 12
Cincinnati

Nick
    $400 22
Mr. Ed

Kelly
    $400 27
(Nick: What is protein?)

calories

NickKelly
    $400 18
Nicaragua

Kelly
    $400 7
(Tope: What is a pig?)

a baboon

TopeKelly
    $400 2
(Tope: What is different?)
[Tope was initially ruled correct; the ruling was reversed during the interview segment.]

difference

Tope
Triple Stumper
    $600 13
Cleopatra

Kelly
    $600 23
The Beverly Hillbillies

Tope
    $600 28
peanut oil

Tope
    $600 19
Papua New Guinea

Tope
    $600 8
Sgt. Pepper's Lonely Hearts Club Band

Kelly
    $600 3
radical

Tope
    $800 14
Connecticut

Tope
    $800 24
Johnny Weissmuller

Nick
    $1,300 29
(Alex: Yes, indeed! "Take me out to the [*]. Buy me some peanuts. Virginia type.)

baseball games

Tope
    $800 20
Suriname

Tope
    $800 9
(Tope: What is the top side?)

the thumb side

Tope
Triple Stumper
    $800 4
a conversation

Tope
    $1000 15
Cibola

Nick
    $1000 25
(John) Shaft

Tope
    $1000 30
Planters

Triple Stumper
    $1000 21
Indonesia

Tope
    $1000 10
"The Tell-Tale Heart"

Kelly
    $1000 5
perquisite

Nick

Scores at the first commercial break (after clue 15):

Nick Tope Kelly
$2,800 $800 $2,600

Scores at the end of the Jeopardy! Round:

Nick Tope Kelly
$3,200 $6,900 $4,200

Double Jeopardy! Round responses

WELCOME TO JAPAN
MOVIE CROSSWORD CLUES "G"
KIDDY LIT
HEY, MR.!
ALL THINGS OPERATIC
BRITSPEAK
    $400 6
Shinto

Tope
    $400 1
Gun

Tope
    $400 11
(Kelly: Who are the cat and the fiddle?)
(Tope: Who are the cow and the fiddle?)

the dish & the spoon

TopeKelly
Triple Stumper
    $400 16
"Mr. October"

Nick
    $400 21
Carmen

Nick
    $400 26
champagne

Nick
    $800 7
a geisha

Nick
    $800 2
Glory

Tope
    $800 12
Stuart Little

Kelly
    $800 17
Thurgood Marshall

Kelly
    $2,400 22
(Alex: [*], yes. Think of Athens and opera, you're likely to come up with Maria.)

Maria Callas

Nick
    $800 27
(Tope: What is a... go-round? I don't know!)

roundabout

NickTope
    $1200 8
(Kelly: What is noh?)

kabuki

TopeKelly
    $1200 3
Godzilla

Nick
    $2,000 13
(Kelly: I don't know.)

Beatrix Potter

Kelly
    $1200 18
(Milton) Berle

Nick
    $1200 23
Charles Dickens

Triple Stumper
    $1200 28
old boys

Tope
    $1600 9
ikebana

Triple Stumper
    $1600 4
Gatsby

Nick
    $1600 14
The Lorax

Kelly
    $1600 19
(Tope: Who is Bernstein?)

(Arthur) Fiedler

NickTope
    $1600 24
alto (or contralto)

Kelly
    $1600 29
(Kelly: What is sanguine?)

ruddy

TopeKelly
    $2000 10
(Tope: What is hai?)

sayonara

TopeKelly
    $2000 5
Glenda

Nick
    $2000 15
Kenneth Grahame

Nick
    $2000 20
Robert Taft

Triple Stumper
    $2000 25
opera buffa

Nick
    $2000 30
(Kelly: What is pyrex?)

Lucite

Kelly
Triple Stumper

Scores at the end of the Double Jeopardy! Round:

Nick Tope Kelly
$20,000 $7,700 $3,800
(lock game)

[wagering suggestions for these scores]

Final Jeopardy! Round responses

DOCUMENTARY SUBJECTS
(Alex: As a matter of fact, at that time, I believe he was known as the "Louisville Lip".)
KellyWho is
$200
TopeWho is Chuck Berry?
$0
NickWho is Muhammad Ali?
$2,000
Muhammad Ali (or Cassius Clay)

Final scores:

Nick Tope Kelly
$22,000 $7,700 $3,600
3-day champion: $76,202 2nd place: $2,000 3rd place: $1,000

Game dynamics:

Coryat scores:

Nick Tope Kelly
$18,400 $7,200 $5,800
19 R
(including 1 DD),
1 W
18 R
(including 1 DD),
7 W
14 R,
5 W
(including 1 DD)

Combined Coryat: $31,400

[game clues] [game scores] [suggest correction]

Game tape date: 2007-07-31
The J! Archive is created by fans, for fans. Scraping, republication, monetization, and malicious use prohibited; this site may use cookies and collect identifying information. See terms. The Jeopardy! game show and all elements thereof, including but not limited to copyright and trademark thereto, are the property of Jeopardy Productions, Inc. and are protected under law. This website is not affiliated with, sponsored by, or operated by Jeopardy Productions, Inc. Join the discussion at JBoard.tv.